Science and budget cutting

Elmentve itt :
Bibliográfiai részletek
Szerző: Szent-Györgyi Albert
Dokumentumtípus: Cikk
Megjelent: 1969-12
Sorozat:Bulletin of the Atomic Scientists 25 No. 10
Online Access:http://misc.bibl.u-szeged.hu/74162
LEADER 00609nab a2200169 i 4500
001 misc74162
005 20241018154254.0
008 231207s1969 hu o 000 eng d
040 |a SZTE Miscellanea Repozitórium  |b hun 
041 |a eng 
100 2 |a Szent-Györgyi Albert 
245 1 0 |a Science and budget cutting  |h [elektronikus dokumentum] /  |c  Szent-Györgyi Albert 
260 |c 1969-12 
300 |a 16-17 
490 0 |a Bulletin of the Atomic Scientists  |v 25 No. 10 
561 |a Szent-Györgyi Albert tudományos és egyéb írásai 
856 4 0 |u http://misc.bibl.u-szeged.hu/74162/1/szgya_vegyes_099.pdf  |z Dokumentum-elérés